Wszyscy zwycięzcy Ligue 1 - nagła śmierć - Statystyki

Ogólne statystyki
  • Ten quiz został rozwiązany 160 razy
  • Średni wynik to 7 z 19
Answers on the Grid
Answers color-coded by a green-red scale on the quiz's grid according to % correct below.
Red Star
Clermont
Bastia
Rodez AF
Montpellier HSC
FC Sochaux-Montbéliard
Sporting Club Sétois
Le Havre
Lorient
AS Saint-Étienne
Rennes
OGC Nice
LOSC Lille
Stade Reims
Angers
Pau FC
Olympique Marseille
Metz
Amiens
Brest
PSG
FC Girondins Bordeaux
Olympique Lyon
Stade Lavallois
Olympique lillois
Grenoble Foot 38
Annecy FC
AS Monaco
Toulouse
RC Lens
AJ Auxerre
RC Strasbourg Alsace
Paris FC
Guingamp
FC Nantes
Club Olympique de Roubaix-Tourcoing
Racing Club de France
USL Dunkerque
 
Statystyki odpowiedzi
Odpowiedź % Poprawnych
PSG
77%
Olympique Marseille
71%
LOSC Lille
68%
AS Monaco
66%
Olympique Lyon
65%
AS Saint-Étienne
51%
FC Girondins Bordeaux
51%
Montpellier HSC
50%
OGC Nice
36%
FC Nantes
32%
AJ Auxerre
29%
RC Lens
23%
Stade Reims
17%
Olympique lillois
13%
FC Sochaux-Montbéliard
9%
Club Olympique de Roubaix-Tourcoing
8%
RC Strasbourg Alsace
7%
Racing Club de France
6%
Sporting Club Sétois
3%
Nie znaleziono quizów pasujących do podanych kryteriów
Rozkład punktacji
Procent ludzi z każdym wynikiem
Percentyl według liczby udzielonych odpowiedzi
Twoja historia wyników
Nie rozwiązałeś tego quizu